<?xml version="1.0" encoding="UTF-8"?>
<record
    xmlns:xsi="http://www.w3.org/2001/XMLSchema-instance"
    xsi:schemaLocation="http://www.loc.gov/MARC21/slim http://www.loc.gov/standards/marcxml/schema/MARC21slim.xsd"
    xmlns="http://www.loc.gov/MARC21/slim">

  <leader>00687nam a22001697a 4500</leader>
  <controlfield tag="008">130224t        xxu||||| |||| 00| 0 eng d</controlfield>
  <datafield tag="082" ind1=" " ind2=" ">
    <subfield code="2">22 ed.</subfield>
    <subfield code="a">348.6761 </subfield>
    <subfield code="b">KAM</subfield>
  </datafield>
  <datafield tag="100" ind1=" " ind2=" ">
    <subfield code="a">Edited by Rwakafuzi, Kiiza  Ladislaus</subfield>
    <subfield code="9">6913</subfield>
  </datafield>
  <datafield tag="245" ind1=" " ind2=" ">
    <subfield code="a">Kampala LawReports cited as 1997 / </subfield>
    <subfield code="c">Edited by    Ladislaus Kiiza Rwakafuzi</subfield>
  </datafield>
  <datafield tag="260" ind1=" " ind2=" ">
    <subfield code="a">Kampala, Uganda : </subfield>
  </datafield>
  <datafield tag="300" ind1=" " ind2=" ">
    <subfield code="a">xix, 718 P. ; </subfield>
    <subfield code="c">25 cm.</subfield>
  </datafield>
  <datafield tag="650" ind1=" " ind2=" ">
    <subfield code="a">Law Reports</subfield>
    <subfield code="9">6816</subfield>
  </datafield>
  <datafield tag="650" ind1=" " ind2=" ">
    <subfield code="a">Kampala Law Reports</subfield>
    <subfield code="9">6914</subfield>
  </datafield>
  <datafield tag="650" ind1=" " ind2=" ">
    <subfield code="a">Kampala Law Reports cited as 1997</subfield>
    <subfield code="9">6922</subfield>
  </datafield>
  <datafield tag="942" ind1=" " ind2=" ">
    <subfield code="2">ddc</subfield>
    <subfield code="c">LRT</subfield>
  </datafield>
  <datafield tag="999" ind1=" " ind2=" ">
    <subfield code="c">5268</subfield>
    <subfield code="d">5268</subfield>
  </datafield>
  <datafield tag="952" ind1=" " ind2=" ">
    <subfield code="0">0</subfield>
    <subfield code="1">0</subfield>
    <subfield code="2">ddc</subfield>
    <subfield code="4">0</subfield>
    <subfield code="7">0</subfield>
    <subfield code="a">MAIN</subfield>
    <subfield code="b">MAIN</subfield>
    <subfield code="c">LRP</subfield>
    <subfield code="d">2013-02-24</subfield>
    <subfield code="l">0</subfield>
    <subfield code="o">348.6761  KAM</subfield>
    <subfield code="p">4279/2013</subfield>
    <subfield code="r">2013-02-24 00:00:00</subfield>
    <subfield code="t">1</subfield>
    <subfield code="w">2013-02-24</subfield>
    <subfield code="y">LRT</subfield>
    <subfield code="z">Reserve</subfield>
  </datafield>
</record>
